History Quiz

Random History Quiz

Manhattan Project people, places, and things Quiz Stats

Quiz not verified by Sporcle

Challenge
Share
Tweet
Embed
Score 0/29 Timer 10:00
0 Plays Today
Description Person % Correct
The German physicist who co-authored a letter to President Roosevelt urging him to start the projectAlbert Einstein
84%
Chief Scientist in the Manhattan ProjectRobert Oppenheimer
82.1%
The name of the atomic bomb dropped on HiroshimaLittle Boy
64.1%
The name of the atomic bomb dropped on NagasakiFat Man
59.6%
Italian phycist who created the world's first atomic pileEnrico Fermi
59%
Most of the bomb design work occured at a laboratory in this city in New MexicoLos Alamos
57.1%
The name of the plane that dropped the first atomic bomb on HiroshimaEnola Gay
55.8%
General in charge of the Manhattan ProjectLeslie Groves
42.3%
The code name for the first atomic bomb test, on July 16, 1945Trinity
41%
This ancient capital of Japan was at the top of the target list, but was removed at the insistence of Henry StimsonKyoto
36.5%
Weapons grade uranium was manufactured at Y-12 in this city in TennesseeOak Ridge
34%
Harry Truman was at this conference when he heard of the successful atom bomb testPotsdam
33.3%
The Hungarian theoretical physicist who was later the 'father' of the hydrogen bombEdward Teller
31.4%
Hungarian physicist who first concieved the possibility of a nuclear chain reactionLeo Szilard
30.1%
The mischievous American theoretical physicist who created a formula for measuring the yield of the bombRichard Feynman
30.1%
Description Person % Correct
The pilot of the plane that dropped the first atomic bomb on HiroshimaPaul Tibbets
22.4%
Weapons grade plutonium was manufactured in this city in Washington stateHanford
21.2%
The first atomic bomb test took place in White Sands near this New Mexico cityAlamogordo
20.5%
Unlike the Germans, who used heavy water, the Manhattan Project used this material as a nuclear moderatorGraphite
19.9%
The name of the plane that dropped the atomic bomb on NagasakiBock's Car
19.9%
This German-born British physicist was later convicted of giving nuclear secrets to the Soviet UnionKlaus Fuchs
18.6%
This physicist, who won the 1931 Nobel Prize in physics for discovering the neutron, was head of the british delegation to the Manhattan ProjectJames Chadwick
12.8%
The German physicist who, along with Rudolf Peierls, wrote a famous 1940 memorandum describing how to build an atomic bombOtto Frisch
10.3%
The Hungarian mathematician who designed the explosive lenses used in the bombsJohn von Neumann
9.6%
The UC Berkeley chemist who created the process for mass production of plutoniumGlenn Seaborg
9%
The Hungarian theoretical physicist who calculated the critical mass and devised the imposion mechanismHans Bethe
7.7%
The US government organization charged with developing the atomic bombArmy Corps of Engineers
4.5%
This other New Mexico city was the original first choice to house bomb design laboratoryJemez Springs
1.9%
The government official, creator of the NDRC and OSRD, who sponsored the projectVannevar Bush
1.9%

You're not logged in!

Compare scores with friends on all Sporcle quizzes.
Join for Free
OR
Log In

You Might Also Like...

Show Comments

Extras

Top Quizzes Today


Score Distribution

Your Account Isn't Verified!

In order to create a playlist on Sporcle, you need to verify the email address you used during registration. Go to your Sporcle Settings to finish the process.

Report this User

Report this user for behavior that violates our Community Guidelines.

Details: